La Consulta popular: un voto dividido /
Bewaard in:
| Hoofdauteur: | |
|---|---|
| Formaat: | Texto |
| Onderwerpen: | |
| Tags: |
Voeg label toe
Geen labels, Wees de eerste die dit record labelt!
|
MARC
| LEADER | 00000 a a2200000 04500 | ||
|---|---|---|---|
| 001 | 18907 | ||
| 003 | |||
| 040 | |||
| 100 | |a Azpuru, Dinorah | ||
| 245 | |a La Consulta popular: |b un voto dividido / |c Dinorah Azpuru | ||
| 650 | |a PLEBISCITO | ||
| 650 | |a DEMOCRACIA | ||
| 773 | |g número 243; páginas 1-35 | ||
| 999 | |c 27003 |d 27003 | ||
